00462nam a22001457a 4500020001800000082001500018100002600033245004900059260004000108300000800148650001800156942000700174952011800181999001700299 a9788192761442 a297.82 IBR aIbrahim, Mir Mohammad aIslami Bedaari me Shaheed Muthari ka Kirdaar aNew DelhibWilayat foundationc2016 a216 aIslam - Shiah cBK 00104070aHMIbHMId2016-09-09eDr Packiam T.Samualg120.00l0o297.82 IBRp11-3437r2016-09-09w2016-09-09yBK c20137d20137